000 00917cab a2200205 4500
001 ##L135041
008 060920n2006 000 0 eng u
035 _a(Sirsi) u135041
041 0 _aeng
100 1 _aJoyce, Jacqui
245 0 2 _aA new way of resolving the differences
260 _c2006
490 0 _aEstates Gazette
_v(0637) 16 September 2006, 186-187(3)
520 _aDiscusses revisions to the Property Litigation Association's "Pre-action protocol for dilapidations", released on 14 September. Includes suggested wording for a surveyor's endorsement on the landlord's claim and a chart showing the suggested timetable under the new procedure.
590 _aIKA031006
650 2 4 _aPROPERTY LITIGATION ASSOCIATION PROTOCOL FOR TERMINAL DILAPIDATIONS CLAIMS FOR DAMAGES
651 4 _aEngland and Wales
_y1543-
690 _aPROPERTY-LEASEHOLD PROPERTY-LANDLORD AND TENANT-DILAPIDATIONS
942 _n0
999 _c77765
_d77765